00626nam a2200193 i 45000010005000000030009000050050017000140070003000310080041000340200018000750800014000930800028001071000024001352450055001592600065002143000029002797100056003088520068003648427ES-MaACL20230906145444.0t|920617s1988 sp ||||1| spa d a84-87019-02-1 a86-32"19" a86(Mercado, E.M.7 I.01)1 aMercado, Enrique M.10aIntrahistoria de Leganés / cEnrique M. Mercado. aLeganés : bAyuntamiento, Delegación de Cultura, c1988. a46 p. : bil. ; c21 cm.1 aLeganés. Ayuntamiento. bDelegación de Cultura. aES-MaACLj2143-F-24 bR.120489 q. - Ded. autógrafa del autor